000 00938nam a2200193 a 4500
008 130508s2012 ||||||||||||||||| || u
020 _a9781439838303
050 _aTD 196.O73 Glo
100 _aLam, Paul K. S
245 1 0 _aGlobal contamination trends of persistent organic chemicals
_cedited by Bommanna G. Loganathan, Paul Kwan-Sing Lam.
260 _aBoca Raton:
_bCRC Press
_c2012
300 _axviii, 638 p. : ill.
500 _aIncludes bibliographical references and index.
650 0 _aORGANIC COMPOUNDS-- ENVIRONMENTAL ASPECTS
650 0 _aPERSISTENT POLLUTANTS
700 _aLoganathan, Bommanna G
995 _aMAIN LIBRARY OPEN ACCESS
_e743714
_FCBU-MAIN LIBRARY (Kitwe)
_jTD 196.O73 Glo
_M1
_UAVAILABLE
_WMay 8, 2013
_y743714
_ZMain Library Open Access Collection
995 _aMAIN LIBRARY OPEN ACCESS
_e743715
_FCBU-MAIN LIBRARY (Kitwe)
_jTD 196.O73 Glo
_M2
_UAVAILABLE
_WMay 8, 2013
_y743715
_ZMain Library Open Access Collection
999 _c75920
_d75920